Catálogo

METODOLOGIA Y TECNICAS DE INVESTIGACION EN CIENCIAS : (Registro nro. 20439)

Detalles MARC
000 -LEADER
fixed length control field 00524nam a2200169 a 4500
001 - CONTROL NUMBER
control field 20439
005 - DATE AND TIME OF LATEST TRANSACTION
control field 20180713214024.0
008 - FIXED-LENGTH DATA ELEMENTS--GENERAL INFORMATION
fixed length control field 140415s1973 000 0 spa d
041 ## - LANGUAGE CODE
Language code of text/sound track or separate title spa
082 ## - DEWEY DECIMAL CLASSIFICATION NUMBER
Classification number 300.018
Item number PAR
100 1# - MAIN ENTRY--PERSONAL NAME
Personal name PARDINAS, FELIPE
245 10 - TITLE STATEMENT
Title METODOLOGIA Y TECNICAS DE INVESTIGACION EN CIENCIAS :
Remainder of title SOCIALES: INTRODUCCION ELEMENTAL
250 ## - EDITION STATEMENT
Edition statement 11a ed.
260 ## - PUBLICATION, DISTRIBUTION, ETC.
Place of publication, distribution, etc. [s.l.] :
Name of publisher, distributor, etc. SIGLO VEINTIUNO,
Date of publication, distribution, etc. 1973
300 ## - PHYSICAL DESCRIPTION
Extent 188
650 14 - SUBJECT ADDED ENTRY--TOPICAL TERM
Topical term or geographic name entry element CIENCIAS SOCIALES
General subdivision METODOLOGIA
-- INVESTIGACION SOCIAL
Existencias
Withdrawn status Lost status Source of classification or shelving scheme Damaged status Not for loan Collection code Home library Current library Shelving location Date acquired Source of acquisition Inventory number Total Checkouts Full call number Barcode Date last seen Price effective from Koha item type
    Dewey Decimal Classification     General Biblioteca Karol Wojtyla Biblioteca Karol Wojtyla Sala general 03/12/2013 Compra 151000000000000000058276   300.018 PAR 40244 05/01/2026 03/12/2013 Libro